Guess the Hit Title from the Lyrics #5 - Statistics

General Stats
  • This quiz has been taken 428 times
  • The average score is 5 of 15
Answer Stats
Lyrics Answer % Correct
Once I was ____ ___ old, my momma told me / Go make yourself some friends or you'll be lonely / Once I was ____ ____ old 7 Years: By Lukas Graham
94%
I want your love, and I want your revenge / You and me could write a ___ ______ / (Oh-oh-oh-oh-oh) I want your love, and all your lover's revenge Bad Romance: By Lady Gaga
74%
___ __ __ ____ / I'll worship like a dog at the shrine of your lies / I'll tell you my sins so you can sharpen your knife Take Me To Church: By Hozier
71%
___ ___ __ _ ____, just a little bit's enough / Just a second we're not broken just bent, and we can learn to love again Just Give Me a Reason: By P!nk
57%
Only love, ___ ___ __ ___ ___ ___ / ___ ___ __ ___ ___ ___ / Must have been a deadly kiss / ___ ___ __ ___ ___ ___ / ___ ___ __ ___ ___ ___ Only Love Can Hurt Like This: By Paloma Faith
46%
And when I felt like I was an old ______ under someone's bed / You put me on and said I was your favorite Cardigan: By Taylor Swift
28%
'Cause it makes me that much stronger / Makes me work a little bit harder / It makes me that much wiser / So thanks for making me a _____ Fighter: By Christina Aguilera
26%
How can you miss someone you've never met? / 'Cause I need you now but _ ___ ___ ___ __ / But can you find me soon because I'm in my head? IDK You Yet: By Alexander 23
22%
_____ ___ / Did somebody, did somebody / Break your heart? / Lookin' like an angel / But your _____ ___ Savage Love: By Jason Derulo
21%
'Cause when you ___ ______ / You open up your heart / When you ___ _____ / You make room Love Someone: By Lukas Graham
14%
I never knew anybody 'til I knew you / I never knew anybody 'til I knew you / And I know when it rains, oh, it pours / And I know I was ____ __ __ ___ Born to Be Yours: By Imagine Dragons
6%
We walk the line and try to see / Fallin' behind in what could be, oh / Bring me a _____ ___ / Bring me a _____ ___, oh / Where's that _____ ___ I keep thinking of? Higher Love: By Whitney Houston & Kygo
6%
I ______ when you call my name / Got stars in my eyes / And they don't fade when you come my way / I'm losing my m-m-m-mind Hallucinate: By Dua Lipa
5%
____ ______ is blowing up my mistakes / So why don't I, why don't I stop it? / Still got time for me to stop it / It's like a part of me must want it / That's why I'm not running from it Slow Grenade: By Ellie Goulding
3%
I don't know Oh... oh... oh... ___ ___ ___ __ ___ __ __? / I don't know Oh... oh... oh... / ___ ___ ___ __ ___ __ __? / I don't know, I don't know Why Does Love Do This To Me?: By The Exponents
2%
No matching quizzes found
Score Distribution
Percent of People with Each Score
Percentile by Number Answered
Your Score History
You have not taken this quiz